Gaming Quiz

Random Gaming or Definition Quiz

Scrabble-Legal Pokémon Quiz Stats

 Plays Quiz Updated Mar 31, 2018

Score 0/14 Timer 04:00
2 Plays Today
Generation Pokémon % Correct
1Haunter
83.3%
1Slowpoke
77.2%
1Ditto
54.5%
1Magneton
53.5%
1Electrode
51.2%
1Oddish
51.1%
1Mew
44.3%
Generation Pokémon % Correct
5Scraggy
25.6%
1Gloom
23.7%
1Golem
19%
1Seel
16.7%
7Litten
10.7%
1Paras
8.2%
3Slaking
6.5%

You're not logged in!

Compare scores with friends on all Sporcle quizzes.
OR
Log In

You Might Also Like...

Show Comments

Extras

Top Quizzes Today


Score Distribution

Your Account Isn't Verified!

In order to create a playlist on Sporcle, you need to verify the email address you used during registration. Go to your Sporcle Settings to finish the process.

Report this User

Report this user for behavior that violates our Community Guidelines.

Details: